Accounting information systems : (Record no. 5954)

MARC details
000 -LEADER
fixed length control field 00987cac a22002411u 4500
090 ## - LOCALLY ASSIGNED LC-TYPE CALL NUMBER (OCLC); LOCAL CALL NUMBER (OCLC)
-- 5954
008 - FIXED-LENGTH DATA ELEMENTS--GENERAL INFORMATION
fixed length control field 081222t 1997xxu||||| |||| 00| 0 eng d
010 ## - LIBRARY OF CONGRESS CONTROL NUMBER
LC control number 96024713
020 ## - INTERNATIONAL STANDARD BOOK NUMBER
International Standard Book Number 0471055921 (acid-free paper)
082 00 - DEWEY DECIMAL CLASSIFICATION NUMBER
Classification number 657.0285
Item number WIL
100 ## - MAIN ENTRY--PERSONAL NAME
Personal name Wilkinson, Joseph W.
245 10 - TITLE STATEMENT
Title Accounting information systems :
Remainder of title essential concepts and applications /
Statement of responsibility, etc Joseph W. Wilkinson, Michael J. Cerullo.
250 ## - EDITION STATEMENT
Edition statement 3rd ed.
260 ## - PUBLICATION, DISTRIBUTION, ETC. (IMPRINT)
Place of publication, distribution, etc New York :
Name of publisher, distributor, etc J. Wiley,
Date of publication, distribution, etc c1997.
260 ## - PUBLICATION, DISTRIBUTION, ETC. (IMPRINT)
Name of publisher, distributor, etc Distributer: Al-Ahram
300 ## - PHYSICAL DESCRIPTION
Extent vii, 984 p. :
Other physical details ill. (some col.) ;
Dimensions 26 cm.
504 ## - BIBLIOGRAPHY, ETC. NOTE
Bibliography, etc Includes bibliographical references (p. 972-975) and index.
650 #0 - SUBJECT ADDED ENTRY--TOPICAL TERM
Topical term or geographic name as entry element Accounting
General subdivision Data processing.
650 #0 - SUBJECT ADDED ENTRY--TOPICAL TERM
Topical term or geographic name as entry element Management information systems.
700 1# - ADDED ENTRY--PERSONAL NAME
Personal name Cerullo, Michael J.
Fuller form of name (Michael Joseph),
Dates associated with a name 1940-
942 ## - ADDED ENTRY ELEMENTS (KOHA)
Item type Book - Borrowing
Call number prefix 657.0285WIL
Source of classification or shelving scheme Dewey Decimal Classification
Holdings
Withdrawn status Item status Source of classification or shelving scheme Damaged status Not for loan Home library Current library Shelving location Date acquired Source of acquisition Total Checkouts Total Renewals Full call number Barcode Date last seen Date last borrowed Koha item type
    Dewey Decimal Classification     Central Library Central Library First floor 08/11/2007 Purchase 2 6 657.0285 WIL 000007186 15/07/2025 14/03/2016 Book - Borrowing